[Event "Milton Keynes op"]
[Site "Milton Keynes"]
[Date "2025.06.08"]
[Round "4"]
[White "Dignam, Matthew"]
[Black "Balaji, Aaravamudhan"]
[Result "0-1"]
[WhiteElo "2161"]
[BlackElo "2346"]
[PlyCount "84"]
[EventDate "2025.06.07"]
[EventType "swiss"]
[EventRounds "5"]
[EventCountry "ENG"]
[SourceTitle "CB24_2025"]
[SourceDate "2025.06.11"]
[SourceVersion "1"]
[SourceVersionDate "2025.06.11"]
[SourceQuality "1"]

1. c4 Nf6 2. Nc3 g6 3. e4 d6 4. g3 Bg7 5. Bg2 0-0 6. Nge2 c5 7. 0-0 Nc6 8. d3 Rb8 9. h3 Ne8 10. Be3 Nd4 11. Qc1 Nxe2+ 12. Nxe2 b5 13. Rb1 bxc4 14. dxc4 Qa5 15. a3 Qa4 16. Nc3 Qb3 17. Nd5 Rb7 18. Bg5 f6 19. Bh6 Be6 20. Bxg7 Nxg7 21. Re1 a5 22. Re3 Qa4 23. e5 fxe5 24. Nf6+ exf6 25. Bxb7 Nf5 26. Re1 Nd4 27. b3 Qd7 28. Bg2 Bxh3 29. Bd5+ Be6 30. Bg2 Rb8 31. Qc3 Qc7 32. Kh2 h5 33. Rb2 h4 34. gxh4 Qh7 35. Qxa5 Qxh4+ 36. Kg1 Qg5 37. Re3 Nf5 38. Qa7 Rf8 39. Rh3 Qc1+ 40. Kh2 Nh6 41. Bd5 Bxd5 42. cxd5 Qxb2 0-1

[Event "Milton Keynes op"]
[Site "Milton Keynes"]
[Date "2025.06.07"]
[Round "1"]
[White "Hertog, Alexander"]
[Black "Dignam, Matthew"]
[Result "0-1"]
[WhiteElo "1911"]
[BlackElo "2161"]
[PlyCount "40"]
[EventDate "2025.06.07"]
[EventType "swiss"]
[EventRounds "5"]
[EventCountry "ENG"]
[SourceTitle "CB24_2025"]
[SourceDate "2025.06.11"]
[SourceVersion "1"]
[SourceVersionDate "2025.06.11"]
[SourceQuality "1"]

1. d4 d6 2. g3 g6 3. Bg2 Bg7 4. Nf3 Nf6 5. c4 0-0 6. Nc3 c5 7. d5 e6 8. 0-0 exd5 9. cxd5 Re8 10. Nd2 Nbd7 11. e4 Ne5 12. Qc2 b5 13. Nxb5 Ba6 14. a4 Rb8 15. Re1 Qa5 16. f4 Neg4 17. Nxd6 Nxd5 18. h3 Bd4+ 19. Kh1 Bd3 20. N6c4 Qa6 0-1

[Event "Southend Easter op 67th"]
[Site "Southend"]
[Date "2025.04.20"]
[Round "5"]
[White "Dignam, Matthew"]
[Black "Foster, Timothy"]
[Result "1-0"]
[WhiteElo "2155"]
[BlackElo "1954"]
[PlyCount "65"]
[EventDate "2025.04.18"]
[EventType "swiss"]
[EventRounds "7"]
[EventCountry "ENG"]
[SourceTitle "CB18_2025"]
[SourceDate "2025.04.30"]
[SourceVersion "1"]
[SourceVersionDate "2025.04.30"]
[SourceQuality "1"]

1. d4 Nf6 2. c4 g6 3. Nc3 Bg7 4. e4 d6 5. Be2 0-0 6. Be3 e5 7. d5 Na6 8. h4 Nc5 9. f3 Nh5 10. g4 Nf4 11. Rh2 f5 12. Qd2 a5 13. 0-0-0 a4 14. gxf5 gxf5 15. Kb1 Bd7 16. Bxc5 dxc5 17. Nh3 fxe4 18. Nxf4 exf4 19. Nxe4 Bf5 20. Bd3 a3 21. Rg2 Ra6 22. Nxc5 Rb6 23. Bxf5 Rxf5 24. Ne6 Qf6 25. Rxg7+ Kh8 26. Rdg1 Rxb2+ 27. Kc1 h5 28. Rg8+ Kh7 29. R1g7+ Qxg7 30. Rxg7+ Kh6 31. Qd4 Rxa2 32. Rh7+ Kxh7 33. Qg7# 1-0

[Event "Southend Easter rapid op 67th"]
[Site "Southend"]
[Date "2025.04.17"]
[Round "4"]
[White "Eames, Robert"]
[Black "Dignam, Matthew"]
[Result "0-1"]
[WhiteElo "2024"]
[BlackElo "2020"]
[PlyCount "66"]
[EventDate "2025.04.17"]
[EventType "swiss (rapid)"]
[EventRounds "6"]
[EventCountry "ENG"]
[SourceTitle "CB18_2025"]
[SourceDate "2025.04.30"]
[SourceVersion "1"]
[SourceVersionDate "2025.04.30"]
[SourceQuality "1"]

1. e4 d6 2. d4 Nf6 3. Nc3 c6 4. f4 Qa5 5. Bd3 e5 6. Nf3 Bg4 7. Be3 Nbd7 8. h3 Bh5 9. g4 exf4 10. Bxf4 Bg6 11. 0-0 Be7 12. Qe1 0-0 13. Nd5 Qd8 14. Nxe7+ Qxe7 15. Nh4 Bxe4 16. g5 Rae8 17. gxf6 Qxf6 18. Be3 Qe6 19. Bxe4 Qxe4 20. Rf3 g5 21. Rg3 Qxh4 22. Qf2 h6 23. Kh2 Re6 24. Rag1 Kh8 25. d5 cxd5 26. Bd4+ Ne5 27. c3 f5 28. Qg2 Qe4 29. Rxg5 Qf4+ 30. Rg3 Rg6 31. Qxd5 Rfg8 32. Be3 Rxg3 33. Bxf4 Nf3+ 0-1

[Event "Southend Easter rapid op 67th"]
[Site "Southend"]
[Date "2025.04.17"]
[Round "2"]
[White "Subramanian, Venkatesh"]
[Black "Dignam, Matthew"]
[Result "0-1"]
[WhiteElo "1856"]
[BlackElo "2020"]
[PlyCount "84"]
[EventDate "2025.04.17"]
[EventType "swiss (rapid)"]
[EventRounds "6"]
[EventCountry "ENG"]
[SourceTitle "CB18_2025"]
[SourceDate "2025.04.30"]
[SourceVersion "1"]
[SourceVersionDate "2025.04.30"]
[SourceQuality "1"]

1. d4 d6 2. c4 e5 3. d5 f5 4. Nc3 Nf6 5. Bg5 Be7 6. Bxf6 Bxf6 7. e4 0-0 8. Bd3 Na6 9. exf5 Nc5 10. Bc2 e4 11. Nge2 Bxf5 12. 0-0 Qd7 13. Nd4 Bg4 14. Qd2 Rae8 15. b4 Nd3 16. Ba4 Qe7 17. Ne6 Bxe6 18. dxe6 c6 19. Rad1 Bxc3 20. Qxc3 Qxe6 21. b5 c5 22. b6 Ra8 23. bxa7 Rxa7 24. Bb3 Nf4 25. Rfe1 Qg4 26. Qg3 Ne2+ 27. Rxe2 Qxe2 28. Rf1 e3 29. Qxe3 Qxe3 30. fxe3 Rxf1+ 31. Kxf1 Kf7 32. Ke2 Ke6 33. Kf3 Ke5 34. g4 g5 35. h3 Ra8 36. Ke2 d5 37. cxd5 b5 38. Kf3 c4 39. Bc2 Rxa2 40. Bxh7 b4 41. h4 gxh4 42. g5 h3 0-1

[Event "London Chess League op"]
[Site "London"]
[Date "2025.03.14"]
[Round "1"]
[White "Pleming, Toby"]
[Black "Dignam, Matthew"]
[Result "0-1"]
[WhiteElo "1881"]
[BlackElo "2147"]
[PlyCount "56"]
[EventDate "2025.03.14"]
[EventType "swiss"]
[EventRounds "5"]
[EventCountry "ENG"]
[SourceTitle "CB13_2025"]
[SourceDate "2025.03.26"]
[SourceVersion "1"]
[SourceVersionDate "2025.03.26"]
[SourceQuality "1"]

1. d4 d6 2. Nc3 Nf6 3. e4 c6 4. Nf3 Bg4 5. h3 Bxf3 6. Qxf3 e5 7. Be3 Qa5 8. Bd3 Qb4 9. dxe5 Qxb2 10. 0-0 Qxc3 11. exf6 Qxf6 12. Qg3 Be7 13. f4 Nd7 14. Rae1 0-0 15. e5 Qh4 16. Qf3 dxe5 17. fxe5 Nxe5 18. Qf5 Nxd3 19. Qxd3 Rad8 20. Qb3 b6 21. Bf2 Qb4 22. Qf3 Bc5 23. Kh1 Bxf2 24. Qxf2 Qc4 25. Re7 Qxa2 26. Qh4 Rd6 27. Qh5 Rf6 28. Rxf6 Qa1+ 0-1

[Event "Isle of Wight op"]
[Site "Ryde"]
[Date "2025.02.22"]
[Round "8"]
[White "Camacho Collados, Jose"]
[Black "Dignam, Matthew"]
[Result "0-1"]
[WhiteElo "2345"]
[BlackElo "2138"]
[PlyCount "54"]
[EventDate "2025.02.18"]
[EventType "swiss"]
[EventRounds "9"]
[EventCountry "ENG"]
[SourceTitle "CB09_2025"]
[SourceDate "2025.02.27"]
[SourceVersion "1"]
[SourceVersionDate "2025.02.27"]
[SourceQuality "1"]

1. d4 d6 2. Nf3 Bg4 3. e4 Nf6 4. Bd3 e6 5. c3 d5 6. e5 Nfd7 7. Qb3 Qc8 8. Be3 Bxf3 9. gxf3 c5 10. dxc5 Nxc5 11. Bxc5 Bxc5 12. Rg1 Qc7 13. f4 Nc6 14. Rxg7 0-0-0 15. Kf1 Rdg8 16. Rg3 f6 17. Na3 fxe5 18. Re1 exf4 19. Nb5 fxg3 20. Nxc7 gxh2 21. Be4 Rg1+ 22. Ke2 dxe4 23. Qxe6+ Kxc7 24. Qf7+ Be7 25. Qf4+ Bd6 26. Qf7+ Kb8 27. Qh5 h1Q 0-1

[Event "London Classic op 14th"]
[Site "London"]
[Date "2024.12.06"]
[Round "8"]
[White "Dignam, Matthew"]
[Black "Arakhamia Grant, Ketevan"]
[Result "0-1"]
[WhiteElo "2123"]
[BlackElo "2265"]
[PlyCount "188"]
[EventDate "2024.11.29"]
[EventType "swiss"]
[EventRounds "9"]
[EventCountry "ENG"]
[SourceTitle "CB50_2024"]
[SourceDate "2024.11.01"]
[SourceVersion "1"]
[SourceVersionDate "2024.11.01"]
[SourceQuality "2"]

1. d4 Nf6 2. Bg5 Ne4 3. Bf4 d5 4. Nd2 Bf5 5. e3 e6 6. Bd3 Nd7 7. Bxe4 dxe4 8. g4 Bg6 9. Ne2 h5 10. Ng3 hxg4 11. Qxg4 Nf6 12. Qe2 c6 13. Nc4 Nd5 14. 0-0-0 Nxf4 15. exf4 Qf6 16. Qe3 Rh4 17. Ne5 Bd6 18. Ne2 Bh5 19. Qxe4 Bxe2 20. Qxe2 Rxf4 21. f3 0-0-0 22. Rd3 Bc7 23. Rhd1 Bb6 24. c3 Rh4 25. a4 Qf4+ 26. Qd2 Bc7 27. Qxf4 Rxf4 28. Re1 Rh8 29. Re2 Bxe5 30. dxe5 Rxa4 31. Red2 Rf4 32. Rd7 Rxf3 33. Re7 Rd8 34. Rxd8+ Kxd8 35. Rxb7 a5 36. Ra7 g5 37. Rxa5 Rf1+ 38. Kc2 Rf2+ 39. Kb3 Rxh2 40. Ra8+ Ke7 41. Rg8 Rg2 42. Kc4 Rxb2 43. Rxg5 Rb5 44. Kd4 Rd5+ 45. Ke4 Rd1 46. Rg8 Re1+ 47. Kd4 c5+ 48. Kxc5 Rxe5+ 49. Kb6 Re4 50. Rc8 f5 51. c4 f4 52. c5 f3 53. Rc7+ Kf6 54. Rc8 Kg7 55. Rc7+ Kg6 56. Rc8 Rf4 57. Rg8+ Kf7 58. Rg1 e5 59. c6 Rc4 60. c7 Kf6 61. Rg8 e4 62. c8Q Rxc8 63. Rxc8 Kg5 64. Kc5 f2 65. Rg8+ Kh4 66. Rh8+ Kg4 67. Rg8+ Kh5 68. Rh8+ Kg6 69. Rf8 e3 70. Kd4 e2 71. Rxf2 e1Q 72. Rf3 Kg5 73. Kd3 Qe5 74. Kd2 Qe4 75. Re3 Qd4+ 76. Rd3 Qf2+ 77. Kc3 Kf4 78. Rd4+ Ke5 79. Rd2 Qe3+ 80. Rd3 Qc5+ 81. Kb3 Ke4 82. Rc3 Qb5+ 83. Kc2 Kd4 84. Rb3 Qe2+ 85. Kc1 Kc4 86. Rb2 Qe4 87. Kd2 Qd4+ 88. Kc2 Qe3 89. Kd1 Qd3+ 90. Kc1 Qa3 91. Kb1 Qa4 92. Rc2+ Kb3 93. Rb2+ Kc3 94. Kc1 Qa3 0-1

[Event "Kingston op 3rd"]
[Site "Kingston Upon Thames"]
[Date "2024.08.15"]
[Round "7"]
[White "Dignam, Matthew"]
[Black "Venkataramanan, TS."]
[Result "1/2-1/2"]
[WhiteElo "2118"]
[BlackElo "2225"]
[PlyCount "117"]
[EventDate "2024.08.12"]
[EventType "swiss"]
[EventRounds "9"]
[EventCountry "ENG"]
[SourceTitle "CBM 221 Extra"]
[Source "ChessBase"]
[SourceDate "2024.09.30"]
[SourceVersion "1"]
[SourceVersionDate "2024.09.30"]
[SourceQuality "1"]

1. Nf3 Nf6 2. g3 d5 3. Bg2 e6 4. 0-0 Be7 5. d3 0-0 6. Nbd2 c5 7. e4 b5 8. c3 Nc6 9. Kh1 a5 10. a4 bxa4 11. Qxa4 Qb6 12. Re1 Ba6 13. Qc2 dxe4 14. dxe4 Rfd8 15. Bf1 Ng4 16. Nc4 Bxc4 17. Bxc4 Nge5 18. Nxe5 Nxe5 19. Qe2 Rd7 20. Bb5 Rb7 21. c4 Nc6 22. Be3 Bf6 23. Qh5 Bd4 24. Bxc6 Qxc6 25. Bxd4 cxd4 26. Rxa5 Rd8 27. Rc5 Qd6 28. Rb5 Rxb5 29. cxb5 d3 30. Rd1 Qd4 31. Kg2 Qxb2 32. Qg5 f6 33. Qg4 Qxb5 34. Qxe6+ Kf8 35. Rd2 Qa5 36. Ra2 Qc5 37. Rd2 Qb4 38. Ra2 Qb8 39. Rd2 Qb5 40. Qa2 Qb4 41. f3 Qd4 42. Qa5 Kg8 43. h4 h6 44. Qa2+ Kh8 45. Qb3 Kh7 46. h5 Qe3 47. Qc3 Rd7 48. Qa5 Qd4 49. Kh3 Rd8 50. Qf5+ Kh8 51. Qa5 Rc8 52. Qb5 Rd8 53. Qa5 Qd7+ 54. Qf5 Qc7 55. e5 Qc3 56. exf6 Qxd2 57. fxg7+ Kxg7 58. Qg6+ Kf8 59. Qf6+ 1/2-1/2

[Event "London Mindsports op 4th"]
[Site "London"]
[Date "2024.07.23"]
[Round "9"]
[White "Antolak, Julia"]
[Black "Dignam, Matthew"]
[Result "1/2-1/2"]
[WhiteElo "2333"]
[BlackElo "2104"]
[PlyCount "64"]
[EventDate "2024.07.18"]
[EventType "swiss"]
[EventRounds "9"]
[EventCountry "ENG"]
[SourceTitle "CBM 221 Extra"]
[Source "ChessBase"]
[SourceDate "2024.09.30"]
[SourceVersion "1"]
[SourceVersionDate "2024.09.30"]
[SourceQuality "1"]

1. d4 d6 2. e4 Nf6 3. Nc3 c6 4. Be3 Qb6 5. a3 Ng4 6. Bc1 e5 7. Nf3 exd4 8. Qxd4 Qxd4 9. Nxd4 g6 10. h3 Bg7 11. Nb3 Nf6 12. Bf4 Ke7 13. 0-0-0 Rd8 14. Be2 Ne8 15. Rd2 Nd7 16. Be3 Bxc3 17. bxc3 Nb6 18. c4 Be6 19. c5 Na4 20. cxd6+ Nxd6 21. e5 Ne4 22. Rxd8 Kxd8 23. Bd3 Nec3 24. Nc5 Bd5 25. Rg1 b5 26. g4 a5 27. Nxa4 Nxa4 28. f4 b4 29. axb4 axb4 30. c4 bxc3 31. Kc2 Rb8 32. Rb1 Rxb1 1/2-1/2

[Event "London Mindsports blitz op 4th"]
[Site "London"]
[Date "2024.07.23"]
[Round "11"]
[White "Dignam, Matthew"]
[Black "Vashisht Pigem, Raman"]
[Result "1-0"]
[WhiteElo "2052"]
[BlackElo "1878"]
[PlyCount "55"]
[EventDate "2024.07.23"]
[EventType "swiss (blitz)"]
[EventRounds "14"]
[EventCountry "ENG"]
[SourceTitle "CBM 221 Extra"]
[Source "ChessBase"]
[SourceDate "2024.09.30"]
[SourceVersion "1"]
[SourceVersionDate "2024.09.30"]
[SourceQuality "1"]

1. d4 e6 2. e4 d5 3. e5 c5 4. c3 Qb6 5. Nf3 Bd7 6. a4 cxd4 7. a5 Qc7 8. cxd4 Ne7 9. Nc3 a6 10. Bd3 Nbc6 11. Bd2 Ng6 12. h4 Bb4 13. h5 Nge7 14. h6 g6 15. Bg5 Nf5 16. Bf6 Rg8 17. Bxf5 gxf5 18. Ng5 Rxg5 19. Bxg5 Nxa5 20. Rh3 Nc4 21. Bf6 Nxb2 22. Qd2 Rc8 23. Rc1 Na4 24. Qg5 Bb5 25. Qg8+ Kd7 26. Qxf7+ Kc6 27. Qxe6+ Bd6 28. Nxd5+ 1-0

[Event "London Mindsports op 4th"]
[Site "London"]
[Date "2024.07.20"]
[Round "4"]
[White "Dignam, Matthew"]
[Black "Pandit, Kabir"]
[Result "1-0"]
[WhiteElo "2104"]
[BlackElo "1950"]
[PlyCount "55"]
[EventDate "2024.07.18"]
[EventType "swiss"]
[EventRounds "9"]
[EventCountry "ENG"]
[SourceTitle "EXT 2025"]
[Source "ChessBase"]
[SourceDate "2024.10.14"]
[SourceVersion "1"]
[SourceVersionDate "2024.10.14"]
[SourceQuality "1"]

1. b3 d5 2. Bb2 c6 3. g3 Bg4 4. Bg2 Nd7 5. c4 e6 6. Nf3 a5 7. 0-0 a4 8. bxa4 Ngf6 9. h3 Bxf3 10. Bxf3 dxc4 11. Na3 Nb6 12. Rb1 Rxa4 13. Bxf6 Qc7 14. Bd4 Rxa3 15. Bxb6 Qd7 16. Qc2 Be7 17. Qxc4 Qxd2 18. Be3 Rxe3 19. fxe3 Qxe3+ 20. Kg2 0-0 21. Rxb7 Bd6 22. Rd1 Bc5 23. Rf1 Bd6 24. Rd7 Be5 25. Qd3 Qg5 26. Bxc6 f5 27. h4 Qf6 28. Rd1 1-0

[Event "GBR-ch 109th"]
[Site "Leicester"]
[Date "2023.07.27"]
[Round "6"]
[White "Dignam, Matthew"]
[Black "Pert, Nina P"]
[Result "0-1"]
[WhiteElo "2055"]
[BlackElo "2021"]
[PlyCount "116"]
[EventDate "2023.07.22"]
[EventType "swiss"]
[EventRounds "9"]
[EventCountry "ENG"]
[SourceTitle "CBM 215 Extra"]
[Source "ChessBase"]
[SourceDate "2023.09.30"]
[SourceVersion "1"]
[SourceVersionDate "2023.09.30"]
[SourceQuality "1"]

1. d4 e6 2. e4 d5 3. e5 c5 4. c3 Nc6 5. Nf3 Bd7 6. Bd3 Qb6 7. dxc5 Bxc5 8. b4 Be7 9. 0-0 f6 10. b5 Na5 11. Nd4 0-0-0 12. Be3 Bc5 13. f4 g5 14. exf6 Nxf6 15. fxg5 Ne4 16. Bxe4 dxe4 17. Nd2 e5 18. Nxe4 exd4 19. cxd4 Qe6 20. Qc2 Nc4 21. Bf2 Ba3 22. d5 Qxd5 23. Nf6 Qxb5 24. Bxa7 Bc5+ 25. Bxc5 Qxc5+ 26. Kh1 Bc6 27. Rac1 Rd2 28. Qxd2 Nxd2 29. Rxc5 Nxf1 30. h4 Ne3 31. Rc3 Nf5 32. h5 Kd8 33. Kh2 Ke7 34. g4 Ng7 35. Re3+ Ne6 36. h6 Kf7 37. Nxh7 Rxh7 38. g6+ Kxg6 39. Rxe6+ Kg5 40. Kg3 Rf7 41. Re5+ Kxh6 42. Re6+ Kg7 43. Re3 Rf1 44. a3 Kf6 45. Kh4 Rh1+ 46. Kg3 Rg1+ 47. Kh4 Bd7 48. Re4 b5 49. Rd4 Rxg4+ 50. Rxg4 Bxg4 51. Kxg4 Ke5 52. Kf3 Kd4 53. Ke2 Kc3 54. Kd1 Kb2 55. Kd2 Kxa3 56. Kc2 b4 57. Kb1 Kb3 58. Ka1 Kc2 0-1

[Event "GBR-ch 109th"]
[Site "Leicester"]
[Date "2023.07.26"]
[Round "5"]
[White "Shearsby, Jude"]
[Black "Dignam, Matthew"]
[Result "1-0"]
[WhiteElo "2076"]
[BlackElo "2055"]
[PlyCount "67"]
[EventDate "2023.07.22"]
[EventType "swiss"]
[EventRounds "9"]
[EventCountry "ENG"]
[SourceTitle "CBM 215 Extra"]
[Source "ChessBase"]
[SourceDate "2023.09.30"]
[SourceVersion "1"]
[SourceVersionDate "2023.09.30"]
[SourceQuality "1"]

1. e4 e5 2. Nf3 Nc6 3. Bb5 a6 4. Ba4 Nf6 5. 0-0 d6 6. Re1 Bd7 7. c3 g6 8. d4 b5 9. Bc2 Bg7 10. h3 0-0 11. Be3 exd4 12. Nxd4 Ne5 13. Nd2 c5 14. N4f3 Qc7 15. a4 Rfe8 16. Nxe5 dxe5 17. Nb3 Bf8 18. Qf3 Nh5 19. Nc1 c4 20. g4 Nf4 21. Bxf4 exf4 22. axb5 axb5 23. Rxa8 Rxa8 24. Ne2 Bh6 25. h4 Ra2 26. g5 Bg7 27. Nxf4 Rxb2 28. Nd5 Qe5 29. Ra1 Bc6 30. Ra7 Rxc2 31. Qxf7+ Kh8 32. Re7 Bxd5 33. exd5 Rc1+ 34. Kg2 1-0

[Event "GBR-ch 109th"]
[Site "Leicester"]
[Date "2023.07.22"]
[Round "1"]
[White "Bates, Richard"]
[Black "Dignam, Matthew"]
[Result "1-0"]
[WhiteElo "2324"]
[BlackElo "2055"]
[PlyCount "79"]
[EventDate "2023.07.22"]
[EventType "swiss"]
[EventRounds "9"]
[EventCountry "ENG"]
[SourceTitle "CBM 215 Extra"]
[Source "ChessBase"]
[SourceDate "2023.09.30"]
[SourceVersion "1"]
[SourceVersionDate "2023.09.30"]
[SourceQuality "1"]

1. d4 Nf6 2. Nf3 g6 3. g3 Bg7 4. c4 0-0 5. Bg2 d6 6. 0-0 c5 7. dxc5 dxc5 8. Ne5 Qd4 9. Qxd4 cxd4 10. e3 dxe3 11. Bxe3 Ne8 12. f4 Nd7 13. Nd3 Nd6 14. Na3 e5 15. fxe5 Nxe5 16. Nxe5 Bxe5 17. Bf4 Bd4+ 18. Kh1 Nf5 19. Nb5 Bxb2 20. Rab1 Bg7 21. Nc7 Rb8 22. Na6 Ra8 23. Nc7 Rb8 24. c5 Bd7 25. Rxb7 Rxb7 26. Bxb7 Nd4 27. Bd6 Rb8 28. Bd5 Bc6 29. Rd1 Rb2 30. Rxd4 Bxd4 31. Bxc6 Rc2 32. Na6 Rxa2 33. Bb7 Rb2 34. c6 Bb6 35. Bc5 Ba5 36. Bxa7 f5 37. c7 Bxc7 38. Bd5+ Kf8 39. Nxc7 h5 40. Bc5+ 1-0

[Event "Daventry 4NCL op-A 30th"]
[Site "Daventry"]
[Date "2023.06.18"]
[Round "4"]
[White "Alldritt, Nigel RE"]
[Black "Dignam, Matthew"]
[Result "0-1"]
[WhiteElo "1971"]
[BlackElo "2048"]
[PlyCount "88"]
[EventDate "2023.06.16"]
[EventType "swiss"]
[EventRounds "5"]
[EventCountry "ENG"]
[SourceTitle "CBM 214 Extra"]
[Source "ChessBase"]
[SourceDate "2023.07.31"]
[SourceVersion "1"]
[SourceVersionDate "2023.07.31"]
[SourceQuality "1"]

1. d4 Nf6 2. c4 g6 3. g3 Bg7 4. Bg2 0-0 5. Nc3 d6 6. Nf3 c5 7. d5 e6 8. 0-0 exd5 9. cxd5 Bg4 10. h3 Bxf3 11. Bxf3 b5 12. Qc2 b4 13. Nb1 Nbd7 14. Bf4 Nb6 15. e4 Ne8 16. Nd2 Nc7 17. Rad1 Nb5 18. Be3 Qf6 19. Rb1 Nd4 20. Bxd4 Qxd4 21. b3 Qc3 22. Rbc1 Bh6 23. Qxc3 bxc3 24. Nb1 Bxc1 25. Rxc1 a5 26. Nxc3 a4 27. Nb5 axb3 28. axb3 Rfd8 29. e5 dxe5 30. Rxc5 Rac8 31. b4 Rxc5 32. bxc5 Nxd5 33. c6 Ne7 34. c7 Rd3 35. Kg2 Rd2 36. Na3 Ra2 37. Nc4 Ra7 38. Nxe5 Rxc7 39. Nd3 Kg7 40. Nf4 Rc2 41. Be4 Rd2 42. h4 h5 43. Nh3 Nc8 44. Nf4 Nd6 0-1

[Event "Daventry 4NCL Easter op-A 3rd"]
[Site "Daventry"]
[Date "2023.04.10"]
[Round "7"]
[White "Mason, Donald"]
[Black "Dignam, Matthew"]
[Result "1/2-1/2"]
[WhiteElo "2067"]
[BlackElo "2057"]
[PlyCount "68"]
[EventDate "2023.04.07"]
[EventType "swiss"]
[EventRounds "7"]
[EventCountry "ENG"]
[SourceTitle "CBM 213 Extra"]
[Source "ChessBase"]
[SourceDate "2023.05.31"]
[SourceVersion "1"]
[SourceVersionDate "2023.05.31"]
[SourceQuality "1"]

1. e4 e6 2. d4 d5 3. e5 c5 4. c3 Nc6 5. Nf3 Qb6 6. Bd3 cxd4 7. cxd4 Bd7 8. 0-0 Nxd4 9. Nbd2 Bc5 10. Nxd4 Bxd4 11. Nf3 Bc5 12. b4 Qxb4 13. Rb1 Qa4 14. Qxa4 Bxa4 15. Rxb7 Bb6 16. Ng5 Nh6 17. Ba3 Bd8 18. h4 a6 19. Rc1 Bd7 20. g3 Be7 21. Rcc7 Bxa3 22. Rxd7 0-0 23. Bxh7+ Kh8 24. Bd3 Ng4 25. Rxf7 Nxe5 26. Rxg7 Rf6 27. Rh7+ Kg8 28. Rbg7+ Kf8 29. Ra7 Rxa7 30. Rxa7 Nf3+ 31. Kg2 Nxg5 32. hxg5 Rxf2+ 33. Kxf2 Bc5+ 34. Kf3 Bb6 1/2-1/2

[Event "London Mindsports FM"]
[Site "London"]
[Date "2022.09.14"]
[Round "9.1"]
[White "Franco, Gaston Nicolas"]
[Black "Dignam, Matthew"]
[Result "1-0"]
[WhiteElo "2027"]
[BlackElo "2116"]
[PlyCount "54"]
[EventDate "2022.09.09"]
[EventType "tourn"]
[EventRounds "10"]
[EventCountry "ENG"]
[SourceTitle "CBM 210 Extra"]
[Source "ChessBase"]
[SourceDate "2022.11.30"]
[SourceVersion "1"]
[SourceVersionDate "2022.11.30"]
[SourceQuality "1"]

1. e4 e6 2. d4 d5 3. Nd2 Nf6 4. e5 Nfd7 5. Bd3 c5 6. c3 Nc6 7. Ne2 Qb6 8. 0-0 cxd4 9. cxd4 Nxd4 10. Nxd4 Qxd4 11. Nf3 Qb6 12. a3 Be7 13. Re1 0-0 14. Ng5 f5 15. Qh5 Bxg5 16. Bxg5 Qxb2 17. Be7 Rf7 18. Bd6 Qd4 19. Qe2 Nc5 20. Bb5 Ne4 21. Be8 Nxd6 22. exd6 Bd7 23. Bxd7 Rxd7 24. Qe4 e5 25. Qxe5 Rf7 26. Qe6 Qf6 27. Rac1 Rc8 1-0

[Event "London Mindsports FM"]
[Site "London"]
[Date "2022.09.13"]
[Round "8.1"]
[White "Dignam, Matthew"]
[Black "Cont, Arya"]
[Result "1/2-1/2"]
[WhiteElo "2116"]
[BlackElo "1954"]
[PlyCount "54"]
[EventDate "2022.09.09"]
[EventType "tourn"]
[EventRounds "10"]
[EventCountry "ENG"]
[SourceTitle "CBM 210 Extra"]
[Source "ChessBase"]
[SourceDate "2022.11.30"]
[SourceVersion "1"]
[SourceVersionDate "2022.11.30"]
[SourceQuality "1"]

1. Nf3 d5 2. g3 Nf6 3. Bg2 g6 4. 0-0 Bg7 5. d3 0-0 6. Nbd2 c5 7. e4 Nc6 8. Re1 dxe4 9. dxe4 e5 10. c3 Qc7 11. Qc2 h6 12. b4 Be6 13. bxc5 Nd7 14. Nb3 Na5 15. Nfd2 Rfc8 16. Ba3 Bf8 17. Bb4 Nxb3 18. Nxb3 Bc4 19. c6 Qxc6 20. Bxf8 Nxf8 21. Na5 Qc7 22. Nxc4 Qxc4 23. Re3 Ne6 24. Bf1 Qc6 25. Rd1 Rd8 26. Red3 Kg7 27. Rd5 Qc7 1/2-1/2

[Event "London Mindsports FM"]
[Site "London"]
[Date "2022.09.12"]
[Round "5.2"]
[White "Pollack, Oscar"]
[Black "Dignam, Matthew"]
[Result "1-0"]
[WhiteElo "2068"]
[BlackElo "2116"]
[PlyCount "33"]
[EventDate "2022.09.09"]
[EventType "tourn"]
[EventRounds "10"]
[EventCountry "ENG"]
[SourceTitle "CBM 210 Extra"]
[Source "ChessBase"]
[SourceDate "2022.11.30"]
[SourceVersion "1"]
[SourceVersionDate "2022.11.30"]
[SourceQuality "1"]

1. e4 c5 2. Nf3 d6 3. d4 cxd4 4. Nxd4 Nf6 5. Nc3 a6 6. Bg5 e6 7. f4 Qc7 8. Qf3 b5 9. 0-0-0 Bb7 10. Bxf6 gxf6 11. Qh5 Qc5 12. e5 b4 13. Nxe6 Qe3+ 14. Kb1 bxc3 15. Nc7+ Kd7 16. Qxf7+ Kc6 17. Nd5 1-0

[Event "London Central op-A"]
[Site "London"]
[Date "2022.04.23"]
[Round "3"]
[White "Finn, Peter"]
[Black "Dignam, Matthew"]
[Result "0-1"]
[WhiteElo "2029"]
[BlackElo "2134"]
[PlyCount "128"]
[EventDate "2022.04.22"]
[EventType "swiss"]
[EventRounds "5"]
[EventCountry "ENG"]
[SourceTitle "EXT 2024"]
[Source "ChessBase"]
[SourceDate "2023.10.10"]
[SourceVersion "1"]
[SourceVersionDate "2023.10.10"]
[SourceQuality "1"]

1. e4 d6 2. d4 Nf6 3. Nc3 c6 4. a4 Qa5 5. Bd2 e5 6. Nf3 Bg4 7. d5 Nbd7 8. h3 Bh5 9. g4 Bg6 10. Bg2 Qc7 11. Nh4 Be7 12. Nxg6 hxg6 13. Be3 Nb6 14. Qd3 a5 15. 0-0 Nfd7 16. Rfb1 0-0 17. b4 Rfc8 18. bxa5 Rxa5 19. Ra2 Rca8 20. Rab2 c5 21. Bf1 Bd8 22. Qd1 Qc8 23. Bb5 Nf6 24. Qf3 Bc7 25. Kg2 Qd8 26. Bg5 Nc8 27. Rh1 Qe7 28. h4 Bd8 29. h5 gxh5 30. gxh5 Qf8 31. Qg3 Nh7 32. Bd2 R5a7 33. Rbb1 b6 34. Rbg1 Kh8 35. Nd1 f5 36. exf5 Ne7 37. Ne3 Nxf5 38. Nxf5 Qxf5 39. h6 Qxc2 40. Bd3 Qxd2 41. hxg7+ Rxg7 42. Rxh7+ Rxh7 43. Bxh7 Qxd5+ 44. Kh2 Qf7 45. Be4 Qh5+ 46. Kg2 Bh4 47. Rh1 Rg8 48. Bf3 Rxg3+ 49. fxg3 Qf7 50. Rxh4+ Kg7 51. Be4 Qa2+ 52. Kh3 c4 53. Rh7+ Kf8 54. Rh8+ Ke7 55. Rh7+ Kf8 56. Rh8+ Kg7 57. Rh7+ Kg8 58. Rc7 Qxa4 59. Rc8+ Kg7 60. g4 Qd7 61. Rb8 d5 62. Bf5 Qc7 63. Rc8 Qxc8 64. Bxc8 c3 0-1